000 00718nam a2200181Ia 4500
008 100920s9999 xx 000 0 und d
082 _b66700
_a28 व 539 थ 84
100 _aमथुरे सुरेश.
245 _aविज्ञानाचे वाटाडे भाग तिसरा.
260 _bअनिरुध्द साहित्य, पुणे.
_c1984
300 _a67
_bसाधी
365 _b10
520 _aबा.वि.शाआ.
630 _aविज्ञानाचे वाटाडे भाग तिसरा.
650 _aबा.वि.शाआ.
730 _aविज्ञानाचे वाटाडे भाग तिसरा.
942 _cBOOK
999 _c709266
_d709263